00898nam a2200217Ia 4500003000900000008004100009020001800050040001600068080002400084100001600108111010300124245024900227260004800476300001700524650004100541650001400582650001600596700001900612700002300631700002600654IN-BaIIA211028s9999 xx 000 0 eng d a0-521-36125-7 cIIA Library a524.834(082.2)bHIG aIyer, B. R. aInternational Conference on Highlights in Gravitation and CosmologycGoa, Indiad1987 Dec. 14 - 19 0aHighlights in gravitation and cosmologybproceedings of the international conference on highlights in gravitation and cosmology, held in Goa, India, 14 - 19 December, 1987cIyer, B. R…[et al.]  aCambridgebCambridge University Pressc1988 axviii, 441p. aAstronomy and astrophysics thesaurus aCosmology aGravitation aKembhavi, Ajit aNarlikar, Jayant V aVishveshwara, C. V.,